[Event "Nachod op"]
[Site "Nachod"]
[Date "2006.07.08"]
[Round "8"]
[White "Hepnar, David"]
[Black "Kracik, Tomas"]
[Result "0-1"]
[WhiteElo "1803"]
[BlackElo "1892"]
[PlyCount "74"]
[EventDate "2006.07.01"]
[EventType "swiss"]
[EventRounds "9"]
[EventCountry "CZE"]
[SourceTitle "CBM 113 Extra"]
[Source "ChessBase"]
[SourceDate "2006.09.14"]
[SourceVersion "1"]
[SourceVersionDate "2006.09.14"]
[SourceQuality "1"]

1. e4 e6 2. d3 d5 3. Nd2 Nf6 4. e5 Nfd7 5. Ngf3 c5 6. c3 Nc6 7. d4 Qb6 8. Qb3 cxd4 9. Qxb6 axb6 10. cxd4 Nb4 11. Rb1 Rxa2 12. Bb5 Ra5 13. Be2 f6 14. 0-0 fxe5 15. Nxe5 Nc2 16. Nb3 Nxd4 17. Bh5+ g6 18. Nxg6 hxg6 19. Bxg6+ Ke7 20. Nxd4 Rg8 21. Bc2 Bg7 22. Bg5+ Kf7 23. Nf3 Rc5 24. Bb3 Rb5 25. Ba4 Rxb2 26. Rxb2 Bxb2 27. Rb1 Bd4 28. h4 Bh8 29. g4 Nc5 30. Bc2 e5 31. Rxb6 Bxg4 32. Rb5 Rc8 33. Bd1 Bd7 34. Rb6 Rc6 35. Rb1 Bc8 36. Ra1 e4 37. Nh2 Bxa1 0-1

[Event "Hradec Kralove Region-chT 0506"]
[Site "Czech Republic"]
[Date "2006.03.19"]
[Round "10.7"]
[White "Palij, Lubomir"]
[Black "Hepnar, David"]
[Result "1-0"]
[WhiteElo "1864"]
[BlackElo "1795"]
[PlyCount "48"]
[EventDate "2005.10.23"]
[EventType "team-tourn"]
[EventRounds "11"]
[EventCountry "CZE"]
[SourceTitle "EXT 2024"]
[Source "ChessBase"]
[SourceDate "2023.10.10"]
[SourceVersion "1"]
[SourceVersionDate "2023.10.10"]
[SourceQuality "1"]
[WhiteTeam "Lipa"]
[BlackTeam "Nachod Sokol"]
[WhiteTeamCountry "CZE"]
[BlackTeamCountry "CZE"]

1. d4 d5 2. Nf3 Nf6 3. c4 e6 4. Bg5 Nbd7 5. e3 Be7 6. Nc3 0-0 7. Bd3 b6 8. 0-0 Bb7 9. cxd5 exd5 10. Rc1 Rc8 11. Qa4 Ra8 12. h3 a6 13. Bb1 h6 14. Bf4 Rc8 15. Bf5 c5 16. Ne5 b5 17. Qd1 c4 18. Nxd7 Nxd7 19. Bxh6 gxh6 20. Qg4+ Kh8 21. Bxd7 Rc7 22. Bf5 Bf6 23. Qh5 Bg7 24. Bb1 Bc8 1-0

[Event "Hradec Kralove Region-chT 0506"]
[Site "Czech Republic"]
[Date "2005.12.11"]
[Round "4.8"]
[White "Kriz, Milan"]
[Black "Hepnar, David"]
[Result "1/2-1/2"]
[WhiteElo "1817"]
[BlackElo "1795"]
[PlyCount "197"]
[EventDate "2005.10.23"]
[EventType "team-tourn"]
[EventRounds "11"]
[EventCountry "CZE"]
[SourceTitle "EXT 2024"]
[Source "ChessBase"]
[SourceDate "2023.10.10"]
[SourceVersion "1"]
[SourceVersionDate "2023.10.10"]
[SourceQuality "1"]
[WhiteTeam "Jicin"]
[BlackTeam "Nachod Sokol"]
[WhiteTeamCountry "CZE"]
[BlackTeamCountry "CZE"]

1. e4 e5 2. Nf3 Nc6 3. Bb5 a6 4. Ba4 Nf6 5. 0-0 b5 6. Bb3 Be7 7. Re1 0-0 8. c3 d5 9. exd5 Nxd5 10. Nxe5 Nxe5 11. Rxe5 c6 12. Re1 Bd6 13. Bxd5 cxd5 14. d4 Qh4 15. g3 Qh3 16. Qf3 Be6 17. Qg2 Qh5 18. h4 Rae8 19. Be3 f5 20. f4 Rf6 21. Qf2 Re7 22. Nd2 Qe8 23. Nf3 Bc8 24. Bd2 Bb7 25. Rxe7 Qxe7 26. Ng5 h6 27. Re1 Qd7 28. Nf3 Re6 29. Ne5 Bxe5 30. fxe5 Rc6 31. Qf3 Rg6 32. Rf1 Rg4 33. Kg2 Re4 34. Qh5 Qe6 35. Rf2 Bc8 36. Qf3 f4 37. gxf4 Qg6+ 38. Qg3 Qh5 39. Be3 Bg4 40. b3 Bf5 41. c4 Rxe3 42. Qxe3 Be4+ 43. Rf3 Qg4+ 44. Kf2 Qxh4+ 45. Ke2 Bxf3+ 46. Qxf3 Qh2+ 47. Kd3 dxc4+ 48. bxc4 bxc4+ 49. Kxc4 Qxa2+ 50. Kc5 Qa5+ 51. Kc6 Qb5+ 52. Kc7 Qc4+ 53. Qc6 Qf7+ 54. Kb6 Qxf4 55. Qe6+ Kh7 56. d5 Qb4+ 57. Kxa6 Qa4+ 58. Kb7 Qb5+ 59. Kc7 Qa5+ 60. Kd7 Qa7+ 61. Ke8 Qb8+ 62. Kf7 Qc7+ 63. Qe7 Qc4 64. Qd6 Qf1+ 65. Ke7 Qf2 66. e6 Qa7+ 67. Qd7 Qc5+ 68. d6 Qa5 69. Ke8 Qa8+ 70. Qd8 Qc6+ 71. Ke7 Qc5 72. Qc7 Qa3 73. Qc2+ Kg8 74. Qf5 Qb4 75. Qf7+ Kh7 76. Qe8 Qc5 77. Qd8 Qg5+ 78. Ke8 Qh5+ 79. Kd7 Qb5+ 80. Kc8 Qc4+ 81. Qc7 Qxe6+ 82. d7 Qa6+ 83. Qb7 Qc4+ 84. Kb8 Qf4+ 85. Kc8 Qc4+ 86. Qc7 Qa6+ 87. Qb7 Qc4+ 88. Qc7 Qa6+ 89. Kb8 Qb5+ 90. Ka7 Qa4+ 91. Kb6 Qb4+ 92. Kc6 Qc4+ 93. Kb6 Qb4+ 94. Ka6 Qa4+ 95. Kb6 Qb4+ 96. Ka7 Qa4+ 97. Kb7 Qb5+ 98. Ka8 Qa4+ 99. Kb8 1/2-1/2

[Event "Hradec Kralove Region-chT 0506"]
[Site "Czech Republic"]
[Date "2005.11.27"]
[Round "3.8"]
[White "Hepnar, David"]
[Black "Kaspar, Ladislav"]
[Result "1-0"]
[WhiteElo "1795"]
[BlackElo "1779"]
[PlyCount "100"]
[EventDate "2005.10.23"]
[EventType "team-tourn"]
[EventRounds "11"]
[EventCountry "CZE"]
[SourceTitle "EXT 2024"]
[Source "ChessBase"]
[SourceDate "2023.10.10"]
[SourceVersion "1"]
[SourceVersionDate "2023.10.10"]
[SourceQuality "1"]
[WhiteTeam "Nachod Sokol"]
[BlackTeam "Horice Jiskra"]
[WhiteTeamCountry "CZE"]
[BlackTeamCountry "CZE"]

1. e4 c5 2. Nf3 Nc6 3. d4 cxd4 4. Nxd4 d6 5. Nc3 Nf6 6. Be2 e6 7. 0-0 Be7 8. Be3 0-0 9. Kh1 a6 10. f4 Qc7 11. Qe1 Bd7 12. Qg3 Rfd8 13. Nxc6 Bxc6 14. Qf2 Nxe4 15. Nxe4 Bxe4 16. Bb6 Qxc2 17. Bxd8 Rxd8 18. Bf3 Qxf2 19. Rxf2 f5 20. Rc1 Rd7 21. Kg1 d5 22. Bxe4 fxe4 23. Rfc2 Bd6 24. g3 Kf7 25. Kf2 Bb8 26. Ke2 Ke7 27. Rc8 Bd6 28. Rh8 h6 29. Rcc8 Kf6 30. Rhd8 Rxd8 31. Rxd8 Ke7 32. Rg8 Kf6 33. Rd8 Bc5 34. Rb8 b6 35. b4 Bg1 36. h3 d4 37. g4 d3+ 38. Kd2 g5 39. fxg5+ hxg5 40. Rg8 Bh2 41. Ra8 Bf4+ 42. Kc3 d2 43. Kc2 Ke5 44. Rxa6 Kd4 45. Rxb6 e5 46. Rd6+ Kc4 47. Rxd2 Kxb4 48. Re2 e3 49. Kd3 Kc5 50. Rxe3 e4+ 1-0

[Event "Nachod op 0405"]
[Site "Nachod"]
[Date "2005.??.??"]
[Round "9"]
[White "Dusbaba, Petr"]
[Black "Hepnar, David"]
[Result "1-0"]
[WhiteElo "1730"]
[BlackElo "1635"]
[PlyCount "39"]
[EventDate "2004.12.??"]
[EventType "swiss"]
[EventRounds "9"]
[EventCountry "CZE"]
[SourceTitle "EXT 2007"]
[Source "ChessBase"]
[SourceDate "2006.11.23"]
[SourceVersion "1"]
[SourceVersionDate "2006.11.23"]
[SourceQuality "1"]

1. e4 e5 2. Nf3 Nc6 3. d4 exd4 4. Bc4 Bb4+ 5. c3 dxc3 6. 0-0 Nge7 7. a3 Ba5 8. b4 Bb6 9. Nxc3 0-0 10. Bg5 Qe8 11. e5 Ng6 12. Re1 h6 13. Be3 Qd8 14. Bc5 Bxc5 15. bxc5 b6 16. Qc2 Nf4 17. Qf5 Nxg2 18. Nd5 d6 19. Nf6+ gxf6 20. Qg6+ 1-0

[Event "Nachod op 0405"]
[Site "Nachod"]
[Date "2004.??.??"]
[Round "1"]
[White "Hradecky, Ivo"]
[Black "Hepnar, David"]
[Result "1-0"]
[WhiteElo "2095"]
[BlackElo "1635"]
[PlyCount "45"]
[EventDate "2004.12.??"]
[EventType "swiss"]
[EventRounds "9"]
[EventCountry "CZE"]
[SourceTitle "EXT 2007"]
[Source "ChessBase"]
[SourceDate "2006.11.23"]
[SourceVersion "1"]
[SourceVersionDate "2006.11.23"]
[SourceQuality "1"]

1. e4 e5 2. Nf3 Nc6 3. Bb5 a6 4. Ba4 Nf6 5. d4 exd4 6. 0-0 Be7 7. Re1 0-0 8. e5 Nd5 9. Bb3 Nb6 10. Nxd4 Na5 11. Nf5 Nxb3 12. axb3 Re8 13. Qg4 g6 14. Nh6+ Kg7 15. Qf3 f6 16. Nc3 d5 17. e6 Bb4 18. Qg4 Bxc3 19. bxc3 g5 20. Qh3 Bxe6 21. Rxe6 Qd7 22. Nf5+ Kg6 23. Rxe8 1-0

[Event "Nachod op 8th"]
[Site "Nachod"]
[Date "2002.??.??"]
[Round "3"]
[White "Hepnar, David"]
[Black "Prazak, Ludek"]
[Result "0-1"]
[WhiteElo "1655"]
[BlackElo "1930"]
[PlyCount "52"]
[EventDate "2002.??.??"]
[EventType "swiss"]
[EventRounds "9"]
[EventCountry "CZE"]
[SourceTitle "EXT 2007"]
[Source "ChessBase"]
[SourceDate "2006.11.23"]
[SourceVersion "1"]
[SourceVersionDate "2006.11.23"]
[SourceQuality "1"]

1. e4 c5 2. Nf3 d6 3. d4 cxd4 4. Nxd4 Nf6 5. Nc3 a6 6. f3 e6 7. Be3 Be7 8. Qd2 b5 9. g4 Bb7 10. Bd3 Nc6 11. h4 Nd7 12. g5 Nde5 13. Be2 Na5 14. b3 Qc7 15. f4 Nec6 16. Bd3 0-0 17. h5 Nxd4 18. Bxd4 Nc6 19. Ne2 Nxd4 20. Nxd4 Qc5 21. Nf3 f5 22. b4 Qb6 23. Qe2 fxe4 24. Bxe4 Rxf4 25. Bxb7 Qxb7 26. Rf1 Re4 0-1

[Event "Nachod op 8th"]
[Site "Nachod"]
[Date "2002.??.??"]
[Round "4"]
[White "Vrnata, Jiri"]
[Black "Hepnar, David"]
[Result "1-0"]
[WhiteElo "1855"]
[BlackElo "1655"]
[PlyCount "123"]
[EventDate "2002.??.??"]
[EventType "swiss"]
[EventRounds "9"]
[EventCountry "CZE"]
[SourceTitle "EXT 2007"]
[Source "ChessBase"]
[SourceDate "2006.11.23"]
[SourceVersion "1"]
[SourceVersionDate "2006.11.23"]
[SourceQuality "1"]

1. e4 e5 2. Nf3 Nc6 3. Bc4 d6 4. 0-0 Be7 5. h3 Nf6 6. Re1 0-0 7. c3 Na5 8. Bf1 c5 9. Na3 a6 10. d4 Qc7 11. Bd2 b5 12. b4 cxb4 13. cxb4 Nb7 14. Rc1 Qb8 15. Qb3 Be6 16. d5 Bd7 17. Nb1 Rc8 18. Rxc8+ Qxc8 19. Nc3 Ne8 20. Rc1 Qd8 21. a4 Nc7 22. Be3 Qb8 23. Nd2 Bd8 24. Be2 g6 25. Ra1 Kg7 26. Ra3 bxa4 27. Nxa4 Nb5 28. Ra1 Nd4 29. Bxd4 exd4 30. Qb2 Bf6 31. Bd3 Qd8 32. Nc4 Bxa4 33. Rxa4 a5 34. Qa2 h5 35. Nxa5 Nxa5 36. Rxa5 Rxa5 37. bxa5 Qa8 38. Kh2 Bd8 39. a6 Bb6 40. Bb5 Bc5 41. Bc6 Qb8 42. Bb7 Ba7 43. Qa3 Qc7 44. Bc6 Qb8 45. Qf3 Qc8 46. Qe2 Qc7 47. f4 f6 48. f5 Qe7 49. Qd3 g5 50. Qb1 Qe5+ 51. Kh1 Kh6 52. Qd3 Qe7 53. Bb7 Qc7 54. Bc6 Qe7 55. h4 Qg7 56. Be8 Qe7 57. hxg5+ fxg5 58. Bxh5 Kg7 59. Bg6 Kf6 60. Qh3 Qxe4 61. Qh8+ Ke7 62. Qe8+ 1-0